Top XIs: SSC Napoli (1982-2023) - Statistics

General Stats
  • This quiz has been taken 536 times
  • The average score is 126 of 400
Answer Stats
Hint Position Answer % Correct
1984/1985 | 1985/1986 | 1986/1987 | +4 others ST Diego Maradona
92%
2020/2021 ST Lorenzo Insigne
88%
2013/2014 | 2015/2016 | 2016/2017 | +2 others ST Lorenzo Insigne
88%
2014/2015 ST Dries Mertens
87%
2016/2017 | 2017/2018 | 2018/2019 ST Dries Mertens
87%
2014/2015 | 2015/2016 | 2016/2017 | +4 others DF Kalidou Koulibaly
86%
2021/2022 DF Kalidou Koulibaly
86%
2007/2008 | 2008/2009 | 2009/2010 | +7 others MF Marek Hamšík
86%
2013/2014 MF Marek Hamšík
86%
2021/2022 | 2022/2023 ST Victor Osimhen
86%
2010/2011 | 2011/2012 ST Edinson Cavani
81%
2012/2013 ST Edinson Cavani
81%
2019/2020 | 2020/2021 | 2021/2022 | 2022/2023 DF Giovanni Di Lorenzo
81%
2013/2014 | 2014/2015 ST Gonzalo Higuaín
79%
2015/2016 ST Gonzalo Higuaín
79%
2017/2018 | 2019/2020 | 2021/2022 | 2022/2023 DF Mário Rui
79%
2018/2019 | 2019/2020 | 2020/2021 | +2 others MF Piotr Zieliński
77%
2018/2019 ST José Callejón
76%
2013/2014 | 2017/2018 | 2019/2020 ST José Callejón
76%
2014/2015 | 2015/2016 | 2016/2017 ST José Callejón
76%
2007/2008 | 2008/2009 | 2009/2010 | 2010/2011 ST Ezequiel Lavezzi
72%
2011/2012 ST Ezequiel Lavezzi
72%
2015/2016 | 2016/2017 | 2017/2018 | 2018/2019 MF Allan
68%
2018/2019 | 2019/2020 ST Arkadiusz Milik
68%
1993/1994 DF Fabio Cannavaro
67%
1994/1995 DF Fabio Cannavaro
67%
2013/2014 | 2014/2015 | 2015/2016 | 2016/2017 DF Raúl Albiol
67%
2017/2018 DF Raúl Albiol
67%
2006/2007 | 2007/2008 | 2008/2009 | +3 others DF Paolo Cannavaro
66%
2012/2013 DF Paolo Cannavaro
66%
2020/2021 ST Matteo Politano
63%
2021/2022 | 2022/2023 MF A.-F. Zambo Anguissa
61%
2022/2023 DF Amir Rrahmani
61%
2021/2022 DF Amir Rrahmani
61%
2020/2021 | 2021/2022 | 2022/2023 ST Hirving Lozano
61%
2018/2019 | 2019/2020 | 2020/2021 | +2 others MF Fabián Ruiz
60%
2015/2016 MF Jorginho
59%
2016/2017 | 2017/2018 MF Jorginho
59%
2015/2016 | 2016/2017 DF Elseid Hysaj
56%
2017/2018 | 2018/2019 DF Elseid Hysaj
56%
2014/2015 | 2016/2017 DF Faouzi Ghoulam
56%
2015/2016 DF Faouzi Ghoulam
56%
1987/1988 | 1988/1989 | 1990/1991 | 1991/1992 ST Careca
55%
2008/2009 | 2009/2010 | 2010/2011 | +2 others DF Christian Maggio
53%
2011/2012 | 2012/2013 MF Gökhan Inler
53%
2013/2014 MF Gökhan Inler
53%
2019/2020 | 2020/2021 DF Kostas Manolas
51%
1986/1987 | 1987/1988 DF Ciro Ferrara
49%
1988/1989 | 1989/1990 | 1990/1991 | +3 others DF Ciro Ferrara
49%
2020/2021 DF Diego Demme
41%
2009/2010 | 2010/2011 | 2011/2012 DF Hugo Campagnaro
39%
2012/2013 DF Hugo Campagnaro
39%
1986/1987 | 1988/1989 | 1989/1990 | 1990/1991 MF Fernando De Napoli
38%
1987/1988 | 1991/1992 MF Fernando De Napoli
38%
2007/2008 | 2008/2009 | 2009/2010 | 2010/2011 MF Wálter Gargano
38%
2011/2012 MF Wálter Gargano
38%
2009/2010 ST Fabio Quagliarella
37%
2011/2012 | 2012/2013 MF Blerim Džemaili
35%
2021/2022 | 2022/2023 MF Eljif Elmas
35%
1991/1992 | 1992/1993 ST Gianfranco Zola
35%
2009/2010 | 2011/2012 DF Salvatore Aronica
34%
2012/2013 MF Valon Behrami
34%
2013/2014 MF Valon Behrami
34%
2011/2012 | 2012/2013 DF Camilo Zúñiga
33%
1986/1987 ST Andrea Carnevale
31%
1988/1989 | 1989/1990 ST Andrea Carnevale
31%
1985/1986 ST Bruno Giordano
29%
1986/1987 | 1987/1988 ST Bruno Giordano
29%
2018/2019 DF Kévin Malcuit
28%
1989/1990 | 1990/1991 | 1991/1992 MF Alemão
26%
2012/2013 ST Goran Pandev
26%
2010/2011 DF Andrea Dossena
24%
2004/2005 | 2006/2007 ST Emanuele Calaiò
22%
1982/1983 | 1983/1984 | 1984/1985 | 1985/1986 DF Giuseppe Bruscolotti
22%
2018/2019 | 2019/2020 DF Nikola Maksimović
22%
2020/2021 MF Tiémoué Bakayoko
20%
2022/2023 DF Leo Östigard
20%
2004/2005 ST Roberto Sosa
19%
2006/2007 ST Roberto Sosa
19%
1984/1985 | 1985/1986 | 1987/1988 MF Salvatore Bagni
19%
1986/1987 MF Salvatore Bagni
19%
2008/2009 | 2009/2010 ST Germán Denis
18%
2004/2005 | 2006/2007 DF Gianluca Grava
18%
2007/2008 ST Marcelo Zalayeta
18%
2008/2009 ST Marcelo Zalayeta
18%
2013/2014 | 2014/2015 DF Miguel Britos
18%
1985/1986 | 1986/1987 | 1987/1988 DF Alessandro Renica
16%
1988/1989 DF Alessandro Renica
16%
1998/1999 | 1999/2000 DF Giovanni Lopez
16%
2006/2007 MF Roberto De Zerbi
16%
1982/1983 | 1983/1984 DF Ruud Krol
16%
2009/2010 MF Michele Pazienza
15%
2010/2011 MF Michele Pazienza
15%
1993/1994 DF Giovanni Bia
14%
1991/1992 DF Laurent Blanc
14%
1987/1988 | 1988/1989 | 1989/1990 | +2 others DF Giovanni Francini
12%
1988/1989 | 1989/1990 | 1990/1991 | +2 others MF Massimo Crippa
12%
2004/2005 MF Piá
12%
1992/1993 ST Daniel Fonseca
10%
1993/1994 ST Daniel Fonseca
10%
1985/1986 MF Eraldo Pecci
10%
2004/2005 | 2007/2008 MF Mariano Bogliacino
10%
2006/2007 MF Mariano Bogliacino
10%
2008/2009 DF Matteo Contini
10%
2006/2007 DF Maurizio Domizzi
10%
2007/2008 DF Maurizio Domizzi
10%
1982/1983 | 1983/1984 | 1984/1985 | +3 others DF Moreno Ferrario
10%
1998/1999 | 1999/2000 ST Stefan Schwoch
10%
2004/2005 MF Francesco Montervino
9%
1988/1989 | 1990/1991 | 1991/1992 DF Giancarlo Corradini
9%
1992/1993 DF Giancarlo Corradini
9%
2014/2015 MF Jonathan de Guzmán
9%
2007/2008 MF Manuele Blasi
9%
2008/2009 MF Manuele Blasi
9%
1989/1990 DF Marco Baroni
9%
1989/1990 MF Massimo Mauro
9%
2014/2015 MF David López
8%
1988/1989 | 1989/1990 MF Luca Fusi
8%
2003/2004 ST Max Vieri
8%
1993/1994 ST Paolo Di Canio
8%
1995/1996 | 1996/1997 DF Roberto Ayala
8%
1997/1998 DF Roberto Ayala
8%
2006/2007 MF Samuele Dalla Bona
8%
2008/2009 DF Fabiano Santacroce
7%
2013/2014 DF Federico Fernández
7%
1999/2000 | 2000/2001 MF Matuzalém
7%
1995/1996 MF Alain Boghossian
6%
1996/1997 MF Alain Boghossian
6%
1994/1995 | 1995/1996 DF André Cruz
6%
1996/1997 DF André Cruz
6%
1982/1983 | 1983/1984 ST Claudio Pellegrini
6%
2000/2001 ST Edmundo
6%
2004/2005 DF Ignazio Abate
6%
1997/1998 ST Igor Protti
6%
2000/2001 ST Nicola Amoruso
6%
1999/2000 | 2002/2003 ST Roberto Stellone
6%
2001/2002 ST Roberto Stellone
6%
1997/1998 ST Claudio Bellucci
5%
1998/1999 ST Claudio Bellucci
5%
1986/1987 MF Francesco Romano
5%
1987/1988 MF Francesco Romano
5%
2007/2008 DF György Garics
5%
2010/2011 MF Hassan Yebda
5%
1994/1995 ST Massimo Agostini
5%
1995/1996 ST Massimo Agostini
5%
1982/1983 ST Ramón Díaz
5%
1984/1985 | 1985/1986 ST Daniel Bertoni
4%
2002/2003 | 2003/2004 MF Dario Marcolin
4%
1993/1994 | 2000/2001 MF Fabio Pecchia
4%
1994/1995 | 1995/1996 | 1996/1997 MF Fabio Pecchia
4%
1994/1995 | 1995/1996 MF Fausto Pari
4%
1996/1997 | 1997/1998 | 1998/1999 | +2 others DF Francesco Baldini
4%
2002/2003 DF Francesco Baldini
4%
1996/1997 DF Francesco Colonnese
4%
1986/1987 DF Giuseppe Volpecina
4%
1992/1993 MF Jonas Thern
4%
1993/1994 MF Jonas Thern
4%
1999/2000 DF Massimo Oddo
4%
1982/1983 | 1984/1985 DF Raimondo Marino
4%
1992/1993 MF Roberto Policano
4%
2000/2001 DF Abdelilah Saber
3%
2002/2003 DF Abdelilah Saber
3%
1992/1993 MF Angelo Carbone
3%
2001/2002 DF Antonio Bocchetti
3%
2002/2003 DF Antonio Bocchetti
3%
1994/1995 ST Benito Carbone
3%
1996/1997 MF Beto
3%
2000/2001 | 2001/2002 MF Claudio Husaín
3%
2002/2003 MF Claudio Husaín
3%
1982/1983 | 1983/1984 | 1984/1985 | 1985/1986 MF Costanzo Celestini
3%
2003/2004 DF Daniele Portanova
3%
2002/2003 | 2003/2004 ST Davide Dionigi
3%
2001/2002 ST David Sesa
3%
2002/2003 ST David Sesa
3%
1983/1984 MF Dirceu
3%
1984/1985 ST Domenico Penzo
3%
1994/1995 MF Freddy Rincón
3%
1983/1984 ST Giovanni De Rosa
3%
2001/2002 MF José Luís Vidigal
3%
2002/2003 | 2003/2004 MF José Luís Vidigal
3%
1983/1984 ST Luigi Caffarelli
3%
2001/2002 MF Marek Jankulovski
3%
2003/2004 DF Massimo Carrera
3%
1992/1993 | 1994/1995 | 1995/1996 DF Massimo Tarantino
3%
2001/2002 DF Mauro Bonomi
3%
2002/2003 | 2003/2004 | 2004/2005 DF Mauro Bonomi
3%
1996/1997 DF Mauro Milanese
3%
2006/2007 | 2007/2008 DF Mirko Savini
3%
1996/1997 ST Nicola Caccia
3%
1982/1983 | 1983/1984 | 1984/1985 MF Paolo Dal Fiume
3%
1996/1997 MF Raffaele Longo
3%
1997/1998 MF Raffaele Longo
3%
1993/1994 | 1994/1995 | 1995/1996 MF Renato Buso
3%
1993/1994 | 1995/1996 MF Roberto Bordin
3%
1994/1995 MF Roberto Bordin
3%
2004/2005 DF Rubén Maldonado
3%
2006/2007 DF Rubén Maldonado
3%
2003/2004 MF Andrea Bernini
2%
1983/1984 DF Angelo Frappampina
2%
1997/1998 DF Bertrand Crasson
2%
1997/1998 | 1998/1999 MF Fabio Rossitto
2%
2000/2001 DF Facundo Quiroga
2%
1997/1998 MF Francesco Turrini
2%
1998/1999 | 1999/2000 MF Francesco Turrini
2%
1990/1991 MF Giorgio Venturin
2%
2003/2004 MF Nicola Zanini
2%
1998/1999 | 1999/2000 | 2001/2002 MF Oscar Magoni
2%
2000/2001 MF Oscar Magoni
2%
2000/2001 DF Salvatore Fresi
2%
1984/1985 DF Walter De Vecchi
2%
1997/1998 MF Aljoša Asanović
1%
1982/1983 MF Antonino Criscimanni
1%
1998/1999 DF Daniele Daino
1%
1993/1994 DF Enzo Gambaro
1%
1995/1996 MF Fausto Pizzi
1%
2004/2005 MF Gaetano Fontana
1%
2001/2002 DF Gianluca Luppi
1%
1990/1991 ST Giuseppe Incocciati
1%
1998/1999 MF Igor Shalimov
1%
2003/2004 DF Marco Zamboni
1%
1985/1986 DF Massimo Filardi
1%
2001/2002 DF Matteo Villa
1%
1991/1992 ST Michele Padovano
1%
1982/1983 ST Oscar Damiani
1%
1997/1998 DF Raffaele Sergio
1%
1992/1993 DF Sebastiano Nela
1%
1998/1999 | 1999/2000 DF Steinar Nilsen
1%
1999/2000 ST Anselmo Robbiati
0%
No matching quizzes found
Score Distribution
Percent of People with Each Score
Percentile by Number Answered
Your Score History
You have not taken this quiz